<?xml version="1.0" encoding="UTF-8"?><?xml-stylesheet type="text/xsl" href="static/style.xsl"?><OAI-PMH xmlns="http://www.openarchives.org/OAI/2.0/" xmlns:xsi="http://www.w3.org/2001/XMLSchema-instance" xsi:schemaLocation="http://www.openarchives.org/OAI/2.0/ http://www.openarchives.org/OAI/2.0/OAI-PMH.xsd"><responseDate>2026-04-17T17:00:41Z</responseDate><request verb="GetRecord" identifier="oai:www.recercat.cat:10230/61506" metadataPrefix="marc">https://recercat.cat/oai/request</request><GetRecord><record><header><identifier>oai:recercat.cat:10230/61506</identifier><datestamp>2025-12-23T20:53:35Z</datestamp><setSpec>com_2072_6</setSpec><setSpec>col_2072_452954</setSpec></header><metadata><record xmlns="http://www.loc.gov/MARC21/slim" xmlns:dcterms="http://purl.org/dc/terms/" xmlns:xsi="http://www.w3.org/2001/XMLSchema-instance" xmlns:doc="http://www.lyncode.com/xoai" xsi:schemaLocation="http://www.loc.gov/MARC21/slim http://www.loc.gov/standards/marcxml/schema/MARC21slim.xsd">
   <leader>00925njm 22002777a 4500</leader>
   <datafield ind2=" " ind1=" " tag="042">
      <subfield code="a">dc</subfield>
   </datafield>
   <datafield ind2=" " ind1=" " tag="720">
      <subfield code="a">Beneyto Pastor, Carme</subfield>
      <subfield code="e">author</subfield>
   </datafield>
   <datafield ind2=" " ind1=" " tag="260">
      <subfield code="c">2024-10-16T16:47:19Z</subfield>
   </datafield>
   <datafield ind2=" " ind1=" " tag="260">
      <subfield code="c">2024-10-16T16:47:19Z</subfield>
   </datafield>
   <datafield ind2=" " ind1=" " tag="260">
      <subfield code="c">2024-06-11</subfield>
   </datafield>
   <datafield ind2=" " ind1=" " tag="520">
      <subfield code="a">Treball de Fi de Grau en Criminologia i Polítiques Públiques de Prevenció. Curs 2023-2024</subfield>
   </datafield>
   <datafield ind2=" " ind1=" " tag="520">
      <subfield code="a">Tutor: Alejandro Rubio Arnal</subfield>
   </datafield>
   <datafield ind2=" " ind1=" " tag="520">
      <subfield code="a">Actualmente, la realidad trans* continua siendo desconocida en nuestra sociedad. La falta de educación y visibilidad, conllevan la creación de prejuicios y estigmas que repercuten a todos los niveles en las vidas de este colectivo. De esta manera, el colectivo transgénero se constituye como un grupo vulnerable y excluido socialmente, cosa que en muchas ocasiones facilita el contacto con instituciones penitenciarias. Una vez dentro de prisión, constituyéndose esta como un entorno hipermasculinizado y patriarcal, diseñado bajo la mirada masculina y la percepción de que el género y el sexo son siempre coincidentes, la clasificación de las personas trans* supone un reto para la administración penitenciaria; y las vulnerabilidades exteriores de este colectivo se ven augmentadas y amplificadas. Por ello, esta investigación trata de entender el contexto penitenciario en nuestro país respecto de la realidad trans*, estudiando las distintas vulnerabilidades a las que se ve sometido este colectivo así como la necesidad de una correcta clasificación interior que garantice la dignidad y el respeto hacia la identidad de las personas.</subfield>
   </datafield>
   <datafield tag="653" ind2=" " ind1=" ">
      <subfield code="a">Treball de fi de grau – Curs 2023-2024</subfield>
   </datafield>
   <datafield tag="653" ind2=" " ind1=" ">
      <subfield code="a">Transsexualitat (Espanya)</subfield>
   </datafield>
   <datafield tag="653" ind2=" " ind1=" ">
      <subfield code="a">Presons (Espanya)</subfield>
   </datafield>
   <datafield tag="653" ind2=" " ind1=" ">
      <subfield code="a">Institucions penitenciàries (Espanya)</subfield>
   </datafield>
   <datafield ind2="0" ind1="0" tag="245">
      <subfield code="a">Rompiendo con el binarismo de género: aproximación a la realidad trans* en el contexto penitenciario español</subfield>
   </datafield>
</record></metadata></record></GetRecord></OAI-PMH>